Calculus : late transcendentals (Record no. 11588)
[ view plain ]
| 000 -LEADER | |
|---|---|
| fixed length control field | 00327nam a22001457a 4500 |
| 020 ## - INTERNATIONAL STANDARD BOOK NUMBER | |
| International Standard Book Number | 9781118092484 |
| 082 ## - DEWEY DECIMAL CLASSIFICATION NUMBER | |
| Classification number | 515 ANT |
| 100 ## - MAIN ENTRY--PERSONAL NAME | |
| Personal name | Anton, Howard |
| 245 ## - TITLE STATEMENT | |
| Title | Calculus : late transcendentals |
| 250 ## - EDITION STATEMENT | |
| Edition statement | 10th ed. |
| 260 ## - PUBLICATION, DISTRIBUTION, ETC. | |
| Place of publication, distribution, etc. | New York |
| Name of publisher, distributor, etc. | John Wiley |
| Date of publication, distribution, etc. | 2013 |
| 650 ## - SUBJECT ADDED ENTRY--TOPICAL TERM | |
| Topical term or geographic name entry element | Calculus |
| 700 ## - ADDED ENTRY--PERSONAL NAME | |
| Personal name | Howard Anton |
| 942 ## - ADDED ENTRY ELEMENTS (KOHA) | |
| Koha item type | Book |
| Withdrawn status | Lost status | Source of classification or shelving scheme | Materials specified (bound volume or other part) | Damaged status | Not for loan | Permanent Location | Current Location | Shelving location | Date acquired | Source of acquisition | Cost, normal purchase price | Total Checkouts | Total Renewals | Full call number | Barcode | Checked out | Date last seen | Date last checked out | Price effective from | Koha item type | Public note | Collection code |
|---|---|---|---|---|---|---|---|---|---|---|---|---|---|---|---|---|---|---|---|---|---|---|
| CSS Corner Book | Central Library (CL) | Central Library (CL) | Central Superior Services | 02/18/2013 | Eagle Information Marketing | 3950.40 | 3 | 3 | 515 ANT | SEECS011964 | 04/03/2026 | 03/02/2025 | 01/08/2025 | 02/18/2013 | CSS Corner | CSS Corner Book | ||||||
| Central Library (CL) | Central Library (CL) | General Stacks | 02/18/2013 | Eagle Information Marketing | 3950.40 | 3 | 1 | 515 ANT | SEECS011965 | 02/23/2022 | 09/17/2021 | 02/18/2013 | Book | |||||||||
| Central Library (CL) | Central Library (CL) | General Stacks | 02/18/2013 | Eagle Information Marketing | 3950.40 | 13 | 4 | 515 ANT | SEECS011966 | 03/10/2026 | 09/28/2023 | 02/18/2013 | Book | |||||||||
| Central Library (CL) | Central Library (CL) | General Stacks | 02/18/2013 | Eagle Information Marketing | 3950.40 | 11 | 2 | 515 ANT | SEECS011967 | 06/23/2021 | 02/23/2021 | 02/23/2021 | 02/18/2013 | Book | ||||||||
| Central Library (CL) | Central Library (CL) | General Stacks | 02/18/2013 | Eagle Information Marketing | 3950.40 | 11 | 13 | 515 ANT | SEECS011968 | 02/16/2026 | 12/24/2025 | 02/18/2013 | Book |
